Bosquejo biográfico del popular escritor de costumbres D. Ramón de Mesonero Romanos (El Curioso Parlante) / (Record no. 160986)

MARC details
000 -LEADER
campo de control de longitud fija 00964nam a2200205 i 4500
001 - NÚMERO DE CONTROL
campo de control 160986
003 - IDENTIFICADOR DE NÚMERO DE CONTROL
campo de control ES-MaACL
005 - FECHA Y HORA DE LA ÚLTIMA TRANSACCIÓN
campo de control 20231226174859.0
008 - DATOS DE LONGITUD FIJA--INFORMACIÓN GENERAL
campo de control de longitud fija 940301s1889 sp |||| | spa
100 1# - ENTRADA PRINCIPAL--NOMBRE DE PERSONA
Nombre de persona Olmedilla y Puig, Joaquín,
Fechas asociadas al nombre 1842-1914
9 (RLIN) 86949
245 10 - MENCIÓN DEL TÍTULO
Título Bosquejo biográfico del popular escritor de costumbres D. Ramón de Mesonero Romanos (El Curioso Parlante) /
Mención de responsabilidad, etc. por Joaquín Olmedilla y Puig.
260 ## - PUBLICACIÓN, DISTRIBUCIÓN, ETC.
Lugar de publicación, distribución, etc. Madrid :
Nombre del editor, distribuidor, etc. [s.n.],
Fecha de publicación, distribución, etc. 1889 (
Fabricante Tip. de Manuel G. Hernandez)
300 ## - DESCRIPCIÓN FÍSICA
Extensión 56 p., [1] h. de lám. ;
Dimensiones 23 cm.
530 ## - NOTA DISPONIBLE DE FORMULARIO FÍSICO ADICIONAL
Nota de formato físico adicional disponible Disponible en formato digital.
599 ## - NOTA A LAS ILUSTRACIONES
NOTA A LAS ILUSTRACIONES Lám. lit.: retrato de Mesonero Romanos.
600 14 - PUNTO DE ACCESO ADICIONAL DE MATERIA--NOMBRE DE PERSONA
Nombre de persona Mesonero Romanos, Ramón de,
Fechas asociadas al nombre 1803-1882
9 (RLIN) 80672
852 ## - LOCALIZACIÓN
Ubicación ES-MaACL
Número de control de estantería T-534-F-4
Nota libre - Enc. hol. conservando cub. original
-- - Ded. ms. del autor al presidente del Ateneo
-- - Enc. en un vol. facticio
856 ## - LOCALIZACIÓN Y ACCESO ELECTRÓNICOS
Identificador Uniforme de Recursos <a href="https://archive.org/details/bosquejobiogrfic00olme ">https://archive.org/details/bosquejobiogrfic00olme </a>
Nota pública Internet Archive
Holdings
Estatus retirado Estado de pérdida Estado de daño No para préstamo Colección Biblioteca de origen Biblioteca actual Ubicación en estantería Fecha de adquisición Total de préstamos Signatura topográfica completa Código de barras Visto por última vez Precio de reemplazo Tipo de ítem Koha
        Colección de folletos Biblioteca del Ateneo de Madrid Biblioteca del Ateneo de Madrid Depósito folletos 17/01/2008   T-534-F-4 1168598 23/02/2023 23/02/2023 Folleto